Escritores místicos españoles
Guardat en:
| Autors principals: | , , , |
|---|---|
| Altres autors: | |
| Format: | Llibre |
| Idioma: | espanyol |
| Publicat: |
Madrid
Bailly Baillière
1911
|
| Edició: | 1a. ed |
| Col·lecció: | Nueva Biblioteca de Autores Españoles, XVI
|
| Matèries: | |
| Etiquetes: |
Afegir etiqueta
Sense etiquetes, Sigues el primer a etiquetar aquest registre!
|
MARC
| LEADER | 00000nam a2200000 a 4500 | ||
|---|---|---|---|
| 001 | UCJ7141 | ||
| 003 | CL-VaPUC | ||
| 008 | 070124e19110000SP |||||||||||||||||spa|d | ||
| 082 | 0 | 4 | |a 860 |b TAL |2 21 |
| 100 | 0 | |a Talavera, Hernando de |e author |9 515199 | |
| 700 | 0 | |a Venegas, Alejo |e author |9 515200 | |
| 700 | 0 | |a Osuna, Francisco de |e author |9 515201 | |
| 700 | 0 | |a Madrid, Alfonso de |e author |9 515202 | |
| 700 | |a Mir, Miguel |e autor |9 515203 | ||
| 245 | 1 | 0 | |a Escritores místicos españoles |
| 246 | 1 | 0 | |a Breve e muy provechosa doctrina de lo que deve saber todo cristiano con otros tractados muy provechosos |
| 246 | 1 | 0 | |a Agonía del Tránsito de la Muerte. Con los avisos y consuelos que cerca della son provechosos |
| 246 | 1 | 0 | |a Breve declaración de las sentencias y vocablos obscuros que, en el Libro del Tránsito de la Muerte, se hallan, escripta por el mismo autor |
| 246 | 1 | 0 | |a Muy provechoso tractado contra el murmurar y decir mal de otro en su absencia, que es muy gran pecado e muy usado |
| 246 | 1 | 0 | |a Solazoso y provechoso tractado contra la demasía de vestir y calzar, y de comer y de bever |
| 246 | 1 | 0 | |a Breve forma de confesar reduciendo todos los pecados mortales y veniales a los diez mandamientos |
| 246 | 1 | 0 | |a Abecedario espiritual |
| 250 | |a 1a. ed | ||
| 300 | |a v | ||
| 942 | |c BK | ||
| 945 | |d 20070124 00:00:00 |a rinostro | ||
| 260 | |a Madrid |b Bailly Baillière |c 1911 | ||
| 500 | |a Con un discurso preliminar de Don Miguel Mir, Presbítero, de la Real Academia Española | ||
| 500 | |a 8º, pasta española.- Anteport.- v. en b.- Port.- v. en b | ||
| 650 | 7 | |a MISTICOS |2 CL-VaPUC |9 515204 | |
| 650 | 0 | |a Espiritualidad |9 267331 | |
| 650 | 0 | |a Sacramentos |9 257270 | |
| 650 | 0 | |a Penitencia |9 366153 | |
| 650 | 0 | |a Sacerdotes |9 315705 | |
| 650 | 0 | |a Teología pastoral |9 257832 | |
| 650 | 0 | |a Mal |9 323721 | |
| 650 | 0 | |a Muerte |9 265114 | |
| 650 | 7 | |a DICCIONARIO |2 CL-VaPUC |9 515205 | |
| 650 | 0 | |a Lexicografía |9 321487 | |
| 650 | 0 | |a Virtud |9 315987 | |
| 650 | 7 | |a LITURGIA FUNERAL |2 CL-VaPUC |9 515206 | |
| 583 | |a last modification |c 20170921 04:01:52 |k Rodrigo Vera | ||
| 490 | 0 | |a Nueva Biblioteca de Autores Españoles, XVI | |
| 999 | |c 323241 |d 323239 | ||
| 952 | |0 0 |1 0 |4 0 |6 860_000000000000000_TAL_1911 |7 0 |8 X |9 402664 |a FDOBUD |b FDOBUD |d 2019-11-22 |h v.1 |i 1059181 |o 860 TAL 1911 |p 1059181 |r 2019-11-22 |w 2019-11-22 |y BK_X |k BUD | ||